000 00546nam a2200181Ia 4500
008 090124s9999 xx 000 0 und d
082 _b203617
100 _aजोशी कृष्णकुमार
245 _a आदमखोर
250 _a1
260 _bजोशी कृष्णकुमार
_c1992
300 _a344
600 _aजोशी कृष्णकुमार
630 _a आदमखोर
700 _aजोशी कृष्णकुमार
730 _a आदमखोर
942 _cBOOK
999 _c185198
_d185198